Models of capitalism in the European Union
Elmentve itt :
| Szerző: | |
|---|---|
| Dokumentumtípus: | Könyv |
| Megjelent: |
Palgrave Macmillan
London
2016
|
| mtmt: | 3121214 |
| Online Access: | http://publicatio.bibl.u-szeged.hu/12085 |
| LEADER | 00590nam a2200169 i 4500 | ||
|---|---|---|---|
| 001 | publ12085 | ||
| 005 | 20191107115541.0 | ||
| 008 | 171016s2016 hu o 0|| zxx d | ||
| 020 | |a 978-1-137-60056-1 | ||
| 024 | 7 | |a 3121214 |2 mtmt | |
| 040 | |a SZTE Publicatio Repozitórium |b hun | ||
| 041 | |a zxx | ||
| 100 | 1 | |a Farkas Beáta | |
| 245 | 1 | 0 | |a Models of capitalism in the European Union |h [elektronikus dokumentum] / |c Farkas Beáta |
| 260 | |a Palgrave Macmillan |b London |c 2016 | ||
| 300 | |a 541 | ||
| 856 | 4 | 0 | |u http://publicatio.bibl.u-szeged.hu/12085/1/ModelsofCapitalismintheEuropeanUni_u.pdf |z Dokumentum-elérés |